000 00428nam a2200181Ia 4500
005 20240823030555.0
008 240823s9999||||xx |||||||||||||| ||und||
041 _aENGLISH
082 _A621.388337 M4
100 _a"Goodman,Robert L"
245 0 _aVideo Cassette Recorders
250 _a1st
260 _c1984
_b"BPB,New Delhi"
500 _aTRANSFERED
650 _aVideo
_bElectronics
942 _cBK
999 _c189017
_d189017